[Event "Saint Louis Winter Rapid"]
[Site "Saint Louis"]
[Date "2023.12.19"]
[Round "6.6"]
[White "Bok, Benjamin"]
[Black "Stearman, Josiah P"]
[Result "0-1"]
[WhiteElo "2614"]
[BlackElo "2479"]
[PlyCount "140"]
[EventDate "2023.12.19"]
[EventType "schev (rapid)"]
[EventRounds "6"]
[EventCountry "USA"]
[SourceTitle "CB52_2023"]
[SourceDate "2023.12.27"]
[SourceVersion "1"]
[SourceVersionDate "2023.12.27"]
[SourceQuality "1"]
[WhiteTeam "Team B"]
[BlackTeam "Team A"]
[WhiteTeamCountry "USA"]
[BlackTeamCountry "USA"]

1. Nf3 d5 2. e3 Nf6 3. c4 e6 4. Nc3 c5 5. cxd5 exd5 6. Bb5+ Nc6 7. Ne5 Qc7 8. Qa4 Qxe5 9. Bxc6+ Bd7 10. Bxd7+ Nxd7 11. 0-0 Bd6 12. f4 Qf5 13. d3 0-0 14. e4 dxe4 15. dxe4 Qe6 16. e5 Be7 17. f5 Qc6 18. Qxc6 bxc6 19. Bf4 c4 20. Rad1 Rfd8 21. Bg3 Nc5 22. f6 Bf8 23. Rf4 Rxd1+ 24. Nxd1 Rd8 25. Ne3 Nd3 26. Rxc4 Bc5 27. Bf2 Bb6 28. Rxc6 Nxe5 29. Rc2 Ng4 30. Rc3 Re8 31. fxg7 Nxe3 32. Rc1 Kxg7 33. a4 Re4 34. b3 Nd5 35. Bxb6 axb6 36. Rd1 Nf6 37. Rd3 Ng4 38. g3 h5 39. Rd5 Re1+ 40. Kg2 Re2+ 41. Kf3 Rf2+ 42. Ke4 Nf6+ 43. Ke3 Rxh2 44. Rg5+ Kf8 45. Rb5 Nd7 46. b4 Rb2 47. a5 bxa5 48. Rxa5 Rb3+ 49. Kf2 Nf6 50. Rb5 Ne4+ 51. Kg2 Rxg3+ 52. Kh2 h4 53. Rh5 Rb3 54. b5 Nd6 55. Rxh4 Rxb5 56. Rd4 Ke7 57. Kg2 f5 58. Ra4 Ke6 59. Kf3 Ke5 60. Ra3 Ne4 61. Ra8 Rb3+ 62. Ke2 Kf4 63. Ra5 Rb2+ 64. Ke1 Kg4 65. Re5 Ng3 66. Ra5 f4 67. Ra4 Re2+ 68. Kd1 Re4 69. Ra8 f3 70. Rf8 Rf4 0-1

[Event "Saint Louis Winter Rapid"]
[Site "Saint Louis"]
[Date "2023.12.19"]
[Round "1.6"]
[White "Chandra, Akshat"]
[Black "Stearman, Josiah P"]
[Result "1-0"]
[WhiteElo "2486"]
[BlackElo "2479"]
[PlyCount "85"]
[EventDate "2023.12.19"]
[EventType "schev (rapid)"]
[EventRounds "6"]
[EventCountry "USA"]
[SourceTitle "CB52_2023"]
[SourceDate "2023.12.27"]
[SourceVersion "1"]
[SourceVersionDate "2023.12.27"]
[SourceQuality "1"]
[WhiteTeam "Team B"]
[BlackTeam "Team A"]
[WhiteTeamCountry "USA"]
[BlackTeamCountry "USA"]

1. a3 e5 2. c4 Nc6 3. Nc3 g6 4. g3 Bg7 5. Bg2 d6 6. b4 f5 7. b5 Nce7 8. e3 Nf6 9. Nge2 d5 10. cxd5 Nfxd5 11. Nxd5 Nxd5 12. Bb2 0-0 13. 0-0 Be6 14. f4 e4 15. Bxg7 Kxg7 16. Nd4 Bf7 17. g4 Qd7 18. gxf5 gxf5 19. Bh3 Bg6 20. Qb3 Rf6 21. Rac1 a6 22. Rc5 Bf7 23. Qb2 Kh6 24. Ne2 Rg6+ 25. Ng3 axb5 26. Qe5 Re8 27. Qxf5 Qxf5 28. Bxf5 Rg7 29. Rxb5 Nb6 30. Rc1 Bd5 31. Kf2 Bc6 32. Rbc5 Rd8 33. Ke2 Re7 34. Bh3 Ree8 35. Rg5 Rd5 36. Nf5+ Rxf5 37. Bxf5 Ra8 38. Rcg1 Bb5+ 39. Ke1 Rxa3 40. R1g3 Ra1+ 41. Kf2 Rf1+ 42. Kg2 Rf3 43. R3g4 1-0

[Event "Saint Louis Winter"]
[Site "Saint Louis"]
[Date "2023.12.18"]
[Round "6.6"]
[White "Stearman, Josiah P"]
[Black "Bok, Benjamin"]
[Result "0-1"]
[WhiteElo "2479"]
[BlackElo "2614"]
[PlyCount "80"]
[EventDate "2023.12.16"]
[EventType "schev"]
[EventRounds "6"]
[EventCountry "USA"]
[SourceTitle "CB52_2023"]
[SourceDate "2023.12.27"]
[SourceVersion "1"]
[SourceVersionDate "2023.12.27"]
[SourceQuality "1"]
[WhiteTeam "Team A"]
[BlackTeam "Team B"]
[WhiteTeamCountry "USA"]
[BlackTeamCountry "USA"]

1. e4 e5 2. Nf3 Nc6 3. Bb5 a6 4. Ba4 Nf6 5. 0-0 Be7 6. d3 d6 7. c3 0-0 8. h3 Re8 9. Re1 h6 10. d4 b5 11. Bb3 Bb7 12. d5 Na5 13. Bc2 c6 14. dxc6 Bxc6 15. b3 Bf8 16. Bb2 Qc7 17. Nbd2 g6 18. a4 Bg7 19. c4 bxc4 20. b4 Nb3 21. Nxb3 cxb3 22. Bxb3 Bxe4 23. Rc1 Qe7 24. Rxe4 Nxe4 25. Bd5 Nf6 26. Bxa8 Rxa8 27. Rc6 e4 28. Bxf6 Qxf6 29. Rxd6 Qc3 30. Nh2 e3 31. fxe3 Qxe3+ 32. Kh1 Rc8 33. Rd8+ Rxd8 34. Qxd8+ Bf8 35. Ng4 Qe1+ 36. Kh2 Qxb4 37. Nf6+ Kg7 38. Ne8+ Kh8 39. Qf6+ Kg8 40. Qxa6 Qb8+ 0-1

[Event "Sunnyvale 1000 GM Thanksgiving GM"]
[Site "Sunnyvale"]
[Date "2023.11.25"]
[Round "6"]
[White "Stearman, Josiah P"]
[Black "Yu, Jiangwei"]
[Result "1/2-1/2"]
[WhiteElo "2451"]
[BlackElo "2366"]
[PlyCount "96"]
[EventDate "2023.11.22"]
[EventType "schev"]
[EventRounds "9"]
[EventCountry "USA"]
[SourceTitle "CB48_2023"]
[SourceDate "2023.11.29"]
[SourceVersion "1"]
[SourceVersionDate "2023.11.29"]
[SourceQuality "1"]

1. e4 c5 2. Nf3 d6 3. d4 cxd4 4. Nxd4 Nf6 5. Nc3 a6 6. Bg5 e6 7. f4 Qb6 8. Nb3 Nbd7 9. Qf3 Qc7 10. 0-0-0 b5 11. g4 b4 12. Bxf6 Nxf6 13. Ne2 Nxe4 14. Ng3 d5 15. f5 Nxg3 16. hxg3 e5 17. Rxd5 Bb7 18. g5 Be7 19. f6 gxf6 20. g6 fxg6 21. Bd3 f5 22. Bxf5 Bg5+ 23. Kb1 0-0 24. Be6+ Kg7 25. Qg4 Bxd5 26. Bxd5 Rad8 27. Be4 Qe7 28. Nc5 Qxc5 29. Qxg5 Rd7 30. Bd3 Rf2 31. Qh6+ Kg8 32. b3 Rxd3 33. Qxh7+ Kf8 34. Qh8+ Kf7 35. Qh7+ Kf6 36. Qh4+ Ke6 37. Qg4+ Kd5 38. Qd7+ Qd6 39. Qxd6+ Kxd6 40. cxd3 Rf3 41. Rh4 Rxg3 42. Rxb4 Kc5 43. Rc4+ Kd5 44. Kc2 Rf3 45. Ra4 Rf6 46. Ra5+ Kd4 47. Ra4+ Kd5 48. Ra5+ Kd4 1/2-1/2

[Event "New York 1000 GM Fall GM-A"]
[Site "New York"]
[Date "2023.11.09"]
[Round "2"]
[White "Schmakel, Sam A"]
[Black "Stearman, Josiah P"]
[Result "0-1"]
[WhiteElo "2451"]
[BlackElo "2451"]
[PlyCount "128"]
[EventDate "2023.11.08"]
[EventType "schev"]
[EventRounds "9"]
[EventCountry "USA"]
[SourceTitle "CB46_2023"]
[SourceDate "2023.11.15"]
[SourceVersion "1"]
[SourceVersionDate "2023.11.15"]
[SourceQuality "1"]
[WhiteTeam "Team1"]
[BlackTeam "Team3"]
[WhiteTeamCountry "USA"]
[BlackTeamCountry "USA"]

1. e4 c5 2. Nf3 d6 3. d4 cxd4 4. Nxd4 Nf6 5. Nc3 a6 6. Bg5 Nbd7 7. a3 e6 8. Bc4 Qb6 9. Ba2 Be7 10. Qd2 Nc5 11. Bxf6 Bxf6 12. 0-0-0 Bd7 13. g4 h6 14. f4 0-0-0 15. Kb1 g5 16. f5 Rhe8 17. Qf2 Be5 18. h4 Bc6 19. hxg5 hxg5 20. fxe6 fxe6 21. Rh6 Bxe4 22. Nxe4 Nxe4 23. Qe3 d5 24. Bb3 Rh8 25. Rg6 Rh2 26. Ka2 Kb8 27. Qg1 Nd2 28. Nxe6 Qxg1 29. Rxg1 Rc8 30. Rxg5 Nf3 31. Rxe5 Nxe5 32. g5 Ng6 33. Rf1 Re2 34. Rf6 Ne7 35. Nf4 Re5 36. g6 Rg8 37. c3 Kc8 38. Rf7 Kd8 39. a4 Ke8 40. Rf6 Rf8 41. Re6 Rff5 42. g7 Rxe6 43. Nxe6 Kd7 44. Nf8+ Kd6 45. Ng6 Ng8 46. Bc2 Rf7 47. Nh4 Ke5 48. Nf5 Rxf5 49. Bxf5 Kxf5 50. a5 Kf6 51. Ka3 Kxg7 52. Kb4 Ne7 53. Kc5 Nc8 54. Kxd5 Kf6 55. b4 Ke7 56. Kc5 Kd7 57. c4 Kc7 58. b5 Ne7 59. Kd4 Kd6 60. c5+ Kd7 61. Kc4 Ke6 62. c6 bxc6 63. bxa6 Nc8 64. Kc5 Kd7 0-1

[Event "Qatar Masters op"]
[Site "Doha"]
[Date "2023.10.17"]
[Round "6"]
[White "Stearman, Josiah P"]
[Black "Audi, Ameya"]
[Result "0-1"]
[WhiteElo "2476"]
[BlackElo "2372"]
[PlyCount "56"]
[EventDate "2023.10.11"]
[EventType "swiss"]
[EventRounds "9"]
[EventCountry "QAT"]
[SourceTitle "Mega2024 Update 01"]
[Source "Chessbase"]
[SourceDate "2023.11.12"]
[SourceVersion "1"]
[SourceVersionDate "2023.11.12"]
[SourceQuality "1"]

1. e4 c6 2. d4 d5 3. e5 Bf5 4. h4 h5 5. c4 e6 6. Nc3 dxc4 7. Bxc4 Nd7 8. Bg5 Qb6 9. Rc1 Be7 10. Nf3 Nh6 11. 0-0 Bg4 12. Bxe7 Kxe7 13. Ne4 Nf5 14. Qd3 Rad8 15. Qa3+ Ke8 16. Nfg5 Qxd4 17. Nxf7 Kxf7 18. Ng5+ Kg6 19. Nxe6 Qd2 20. Nxd8 Rxd8 21. Rfe1 Nxe5 22. Qc5 Nxc4 23. Qxc4 Nd4 24. Rb1 Rf8 25. Rf1 Be2 26. Qc5 Rf5 27. Qc1 Qxc1 28. Rfxc1 Bd3 0-1

[Event "Wch U20 60th"]
[Site "Mexico City"]
[Date "2023.09.29"]
[Round "8"]
[White "Abdrlauf, Elham"]
[Black "Stearman, Josiah P"]
[Result "1/2-1/2"]
[WhiteElo "2541"]
[BlackElo "2468"]
[PlyCount "81"]
[EventDate "2023.09.21"]
[EventType "swiss"]
[EventRounds "11"]
[EventCountry "MEX"]
[SourceTitle "EXT 2024"]
[Source "ChessBase"]
[SourceDate "2023.10.10"]
[SourceVersion "1"]
[SourceVersionDate "2023.10.10"]
[SourceQuality "1"]

1. e4 c5 2. Nf3 Nc6 3. Nc3 e6 4. d4 cxd4 5. Nxd4 Nf6 6. Ndb5 d6 7. Bf4 e5 8. Bg5 a6 9. Na3 b5 10. Nd5 Be7 11. Bxf6 Bxf6 12. c3 Ne7 13. Nxf6+ gxf6 14. Nc2 Bb7 15. Bd3 d5 16. Qe2 f5 17. exf5 e4 18. f6 Ng6 19. Qe3 Qxf6 20. 0-0-0 0-0 21. Be2 Bc6 22. h4 a5 23. Nd4 b4 24. Nxc6 Qxc6 25. h5 bxc3 26. hxg6 cxb2+ 27. Kxb2 fxg6 28. f3 Rab8+ 29. Ka1 Rb4 30. Rc1 Qf6+ 31. Rc3 Rc8 32. Rhc1 a4 33. Qd2 Kh8 34. fxe4 dxe4 35. g4 Rbb8 36. g5 Qe5 37. Qb2 Re8 38. Qa3 Rec8 39. Qb2 Re8 40. Qc2 Rec8 41. Qb2 1/2-1/2

[Event "Wch U20 60th"]
[Site "Mexico City"]
[Date "2023.09.28"]
[Round "7"]
[White "Stearman, Josiah P"]
[Black "Ramos Silvera, Roberto Alejandro"]
[Result "1-0"]
[WhiteElo "2468"]
[BlackElo "2297"]
[PlyCount "73"]
[EventDate "2023.09.21"]
[EventType "swiss"]
[EventRounds "11"]
[EventCountry "MEX"]
[SourceTitle "EXT 2024"]
[Source "ChessBase"]
[SourceDate "2023.10.10"]
[SourceVersion "1"]
[SourceVersionDate "2023.10.10"]
[SourceQuality "1"]

1. e4 c5 2. Nf3 d6 3. d4 cxd4 4. Nxd4 Nf6 5. Nc3 a6 6. Bd3 g6 7. Be2 Bg7 8. Be3 Nc6 9. Qd2 0-0 10. 0-0-0 Nxd4 11. Bxd4 Be6 12. Kb1 Qa5 13. Bxf6 exf6 14. Nd5 Qc5 15. f4 Rfe8 16. Bf3 f5 17. exf5 Bxf5 18. g4 Be4 19. Bxe4 Rxe4 20. f5 Bd4 21. f6 Rc8 22. c3 Be3 23. Qd3 Rce8 24. Ne7+ R4xe7 25. fxe7 Bf4 26. Qf3 Bg5 27. h4 Bxe7 28. Rde1 Qc7 29. h5 Rd8 30. hxg6 hxg6 31. Rh8+ Kg7 32. Rh7+ Kxh7 33. Qxf7+ Kh6 34. g5+ Kh5 35. Rh1+ Kxg5 36. Rg1+ Kh4 37. Qh7# 1-0